000 00743nam a2200253Ia 4500
005 20260429112019.0
008 260429s9999||||xx |||||||||||||| ||und||
020 _a9781032329772
041 _aEnglish
082 _a370.117
_bREI
100 _aReilly, Colin
245 0 _aMultilingual learning: assessment, ideologies and policies in sub-Saharan Africa /
_cColin Reilly
250 _a1st ed.
260 _aNew Delhi :
_bRoutledge,
_c2024.
300 _axvii, 282 p.; hb
650 _a Educational policy
650 _a Language assessment
650 _aMultilingual education
700 _a Chimbutane, Feliciano
700 _a Clegg, John
700 _a Erling, Elizabeth J
700 _a Rubagumya, Casmir M.
942 _cTB
999 _c51891
_d51891